[Event "POL-chT3 2010/11"]
[Site "Wielkopolska"]
[Date "2011.04.15"]
[Round "11"]
[White "Grzesinski, Krzysztof"]
[Black "Zielinski, Tadeusz"]
[Result "1/2-1/2"]
[WhiteElo "1871"]
[BlackElo "1806"]
[PlyCount "43"]
[EventDate "2010.11.28"]
[EventType "team-tourn"]
[EventRounds "11"]
[EventCountry "POL"]
[SourceTitle "EXT 2019"]
[Source "ChessBase"]
[SourceDate "2018.10.10"]
[SourceVersion "1"]
[SourceVersionDate "2018.10.10"]
[SourceQuality "1"]
[WhiteTeam "Poznan Raszyn"]
[BlackTeam "Poznan Lech"]
[WhiteTeamCountry "POL"]
[BlackTeamCountry "POL"]

1. f4 d5 2. Nf3 Nf6 3. c3 c5 4. e3 Nc6 5. d4 e6 6. b3 Be7 7. Bd3 Bd7 8. 0-0 0-0 9. Ne5 a6 10. Nd2 b5 11. Bb2 c4 12. Bb1 g6 13. b4 a5 14. a3 Qc7 15. Ndf3 Nh5 16. g4 Ng7 17. Nxd7 Qxd7 18. Ne5 Qc7 19. Rf3 f5 20. Nxc6 Qxc6 21. g5 Nh5 22. Rh3 1/2-1/2

[Event "POL-chT3 2010/11"]
[Site "Wielkopolska"]
[Date "2011.01.17"]
[Round "2"]
[White "Anglart, Edward"]
[Black "Grzesinski, Krzysztof"]
[Result "0-1"]
[WhiteElo "1906"]
[BlackElo "1871"]
[PlyCount "102"]
[EventDate "2010.11.28"]
[EventType "team-tourn"]
[EventRounds "11"]
[EventCountry "POL"]
[SourceTitle "EXT 2019"]
[Source "ChessBase"]
[SourceDate "2018.10.10"]
[SourceVersion "1"]
[SourceVersionDate "2018.10.10"]
[SourceQuality "1"]
[WhiteTeam "Wolsztyn UKS Szach"]
[BlackTeam "Poznan Raszyn"]
[WhiteTeamCountry "POL"]
[BlackTeamCountry "POL"]

1. e4 e5 2. Nf3 Nc6 3. Bb5 Nge7 4. 0-0 Ng6 5. c3 d5 6. Bxc6+ bxc6 7. Re1 Bd6 8. d4 dxe4 9. Rxe4 f5 10. Re1 e4 11. Qb3 Be7 12. Nfd2 Qd5 13. Nf1 0-0 14. Ne3 Qxb3 15. axb3 Be6 16. Nd2 Bg5 17. Ra6 Bd7 18. b4 Nf4 19. Nb3 Nd3 20. Rd1 Bxe3 21. fxe3 Rf6 22. Nc5 Bc8 23. Ra5 Nxc5 24. bxc5 Be6 25. Bd2 Bc4 26. Be1 f4 27. exf4 Rxf4 28. Bg3 Rf7 29. Re1 e3 30. h3 e2 31. Raa1 Raf8 32. Rxa7 Rf1+ 33. Kh2 Rxe1 34. Bxe1 Rf1 35. Ra1 Bb3 36. Ra8+ Kf7 37. Bg3 e1Q 38. Bxe1 Rxe1 39. Rb8 Bd5 40. g4 Kg6 41. h4 h5 42. g5 Kf5 43. Kg3 Re3+ 44. Kf2 Rh3 45. Rb7 Rxh4 46. Rxc7 g6 47. Rd7 Rh2+ 48. Ke3 Rxb2 49. Kd3 Rb3 50. Kc2 Ra3 51. Kb2 Ra4 0-1

[Event "POL-chT3 2010/11"]
[Site "Wielkopolska"]
[Date "2010.12.13"]
[Round "1"]
[White "Nawracala, Tomasz"]
[Black "Grzesinski, Krzysztof"]
[Result "1/2-1/2"]
[WhiteElo "1837"]
[BlackElo "1871"]
[PlyCount "150"]
[EventDate "2010.11.28"]
[EventType "team-tourn"]
[EventRounds "11"]
[EventCountry "POL"]
[SourceTitle "EXT 2019"]
[Source "ChessBase"]
[SourceDate "2018.10.10"]
[SourceVersion "1"]
[SourceVersionDate "2018.10.10"]
[SourceQuality "1"]
[WhiteTeam "Poznan Komandoria"]
[BlackTeam "Poznan Raszyn"]
[WhiteTeamCountry "POL"]
[BlackTeamCountry "POL"]

1. c4 e5 2. Nc3 Nc6 3. g3 Nf6 4. Bg2 Be7 5. d3 0-0 6. Nf3 d6 7. 0-0 h6 8. Be3 Be6 9. a3 a5 10. Qb3 Qc8 11. Rac1 Ng4 12. Bd2 Rb8 13. Nb5 b6 14. Ne1 Nd4 15. Nxd4 exd4 16. Nf3 c5 17. Qc2 Ne5 18. b4 axb4 19. axb4 Nxf3+ 20. exf3 Bh3 21. Rfe1 Bxg2 22. Kxg2 Bf6 23. Bf4 Qc6 24. b5 Qd7 25. Ra1 g5 26. Bd2 d5 27. Ra4 dxc4 28. dxc4 Rfe8 29. Rxe8+ Rxe8 30. Qd3 Bg7 31. Ra6 Qe6 32. Kf1 Be5 33. Qe4 Qxc4+ 34. Kg2 Qxb5 35. Ra7 Bb8 36. Re7 Kf8 37. Rxe8+ Qxe8 38. Qb7 b5 39. Qb6 Kg7 40. Qxc5 Be5 41. Bb4 Bf6 42. Qd5 Qe5 43. Qd7 Qb8 44. h4 gxh4 45. gxh4 Kg8 46. h5 Bg7 47. Qf5 Qe5 48. Qc8+ Kh7 49. Qc2+ f5 50. Qc6 Qf6 51. Qxb5 Qg5+ 52. Kf1 Qxh5 53. Qd5 Qg6 54. Bd6 Qf6 55. Bg3 Kg6 56. Qd7 h5 57. Qe8+ Qf7 58. Qc6+ Bf6 59. Qd6 Qe7 60. Qd5 Qf7 61. Qd6 Qc4+ 62. Kg2 d3 63. Be5 Qf7 64. f4 Qe7 65. Qxd3 Bxe5 66. Qg3+ Kh6 67. fxe5 Qe6 68. Kh2 Qc4 69. f4 Qe2+ 70. Kg1 Qg4 71. Kf2 Kg6 72. Qf3 Qh4+ 73. Ke2 Qg4 74. Ke3 Qg1+ 75. Ke2 Qd4 1/2-1/2